Ludzie bezdomni /

-д хадгалсан:
Номзүйн дэлгэрэнгүй
Үндсэн зохиолч: Żeromski, Stefan (1864-1925)
Байгууллагын зохиогч: Wydawnictwo Greg
Бусад зохиолчид: Ludwikowska, Jolanta (1962- ) (Ilustracje), Popławska, Anna (filolożka) (Opracowanie)
Формат: Ном
Хэл сонгох:польш
Хэвлэсэн: Kraków : Wydawnictwo Greg, 2005.
Цуврал:Lektura (Greg)
Нөхцлүүд:
Шошгууд: Шошго нэмэх
Шошго байхгүй, Энэхүү баримтыг шошголох эхний хүн болох!

MARC

LEADER 00000nam a2200000 i 4500
001 9910381921705606
005 20260515140228.0
008 170612s2006 pl a d |001 f pol
020 |a 8373271724 
020 |a 9788373271722 
035 |a 991006551179705066 
035 |a (PL-WaBN)b55018129-48omnis_nlop 
035 |a b55018129 
035 |a (OCoLC)749577988 
035 |a (PL)b0000005501812 
040 |a WA N  |c WA N 
080 |a (075.2) 
080 |a 821.162.1(091)-3"18" 
080 |a 821.162.1-3 
090 |c 135  |d 134 
100 1 |a Żeromski, Stefan  |d (1864-1925) 
245 1 0 |a Ludzie bezdomni /  |c Stefan Żeromski ; opracowała Anna Popławska ; [ilustracje Jolanta Adamus Ludwikowska]. 
260 |a Kraków :  |b Wydawnictwo Greg,  |c 2005. 
300 |a 255 stron :  |b ilustracje ;  |c 21 cm. 
490 1 |a Lektura : wydanie z opracowaniem 
500 |a Na stronie tytułowej: Notatki na marginesie, cytaty, które warto znać, streszczenie. 
504 |a Indeks. 
600 1 7 |a Żeromski, Stefan  |d (1864-1925). 
650 7 |a Lekarze i lekarki 
650 7 |a Literatura polska 
650 7 |a Odpowiedzialność 
650 7 |a Powieść obyczajowa 
650 7 |a Powieść psychologiczna 
650 7 |a Praca społeczna 
651 7 |a Polska 
700 1 |a Ludwikowska, Jolanta  |d (1962- )  |e Ilustracje 
700 1 |a Popławska, Anna  |c (filolożka)  |e Opracowanie 
710 2 |a Wydawnictwo Greg 
830 0 |a Lektura (Greg) 
920 |a 83-7327-172-4 
920 |a 978-83-7327-172-2 
942 |c K 
952 |0 0  |1 0  |4 0  |6 R__85_000000000000000  |7 0  |9 126  |a RYT  |b RYT  |d 2026-05-13  |e 1/2014  |g 10.00  |l 0  |o R.85  |p 2000000000855  |r 2026-05-15 14:02:28  |w 2026-05-15  |y BK  |z da 
999 |c 126  |d 126